| 000 | 00481nam a22001697a 4500 | ||
|---|---|---|---|
| 005 | 20250203181240.0 | ||
| 008 | 250203b |||||||| |||| 00| 0 eng d | ||
| 020 | _a9789355329578 | ||
| 041 | _aEnglish | ||
| 082 | _a005.1 | ||
| 100 | _aBalagurusamy, E | ||
| 245 |
_aDesign Thinking _b: A Beginners Perspective |
||
| 260 |
_aChennai _bMcGraw Hill _c2024 |
||
| 300 | _a177p. | ||
| 650 |
_bComputer Progamming, Graphical Design _aComputer Progamming, Graphical Design |
||
| 942 | _cTB | ||
| 999 |
_c8948 _d8948 |
||